Culture Générale - Série 2113 - Statistiques

Statistiques générales
  • Ce quiz a été pris 100 fois
  • Le résultat moyen est 6 sur 10
Statistiques - réponses
Question Réponse % Correct
Quel fleuve français est parfois surnommé "fleuve royal" ? Loire
87%
Quel alccol met-on dans une coupe "Colonel" (boules de sorbet au citron) ? vodka
86%
Quel département français autre que l'Yonne commence par la lettre " Y " ? Yvelines
84%
Quel pilote français de formule 1 a été surnommé "Le professeur" ? prénom et nom Alain Prost
76%
Quel est le style de musique emblématique du Portugal ? fado
75%
Comment s'appelle la compagnie aérienne allemande dont le siège social est à Cologne ? Lufthansa
74%
Qui a incarné à l'écran l'inspecteur Colombo ? prénom et nom - voir photo Peter Falk
72%
Quel est l'auteur des "aventures de Tom Sawyer", en 1876 ? prénom et nom Mark Twain
45%
Dans quelle commune de l'Oise a été signé l'armistice du 11 novembre 1918 ? Rethondes
37%
Quel apéritif traditionnel de Vendée est fait avec des épines noires de prunellier ? troussepinette
12%
Aucun quiz correspondant
Distribution des résultats
% des personnes avec chaque résultat
Percentile par nombre de réponses
Votre historique - résultats
Vous n’avez pas pris ce quiz